OpenDemocracy

Detalles Bibliográficos
Formato: Electrónico Periódico
Lenguaje:inglés
Publicado: London : OpenDemocracy
Materias:
Acceso en línea:Full text available from Research Library: 01/01/2012 to present

MARC

LEADER 00000nas a2200000 i 4500
001 ssj0001077057
003 WaSeSS
005 20200512172242.0
006 m d
007 cr n
008 131228c20uu9999enkd| n|s|||||| |0eng d
022 |a 1476-5888  |l 1476-5888 
035 |a (WaSeSS)ssj0001077057 
040 |a WaSeSS  |b eng  |c WaSeSS  |d WaSeSS 
043 |a e-uk-en 
050 1 4 |a AP4 
130 0 |a OpenDemocracy (London, England) 
222 0 |a OpenDemocracy  |b (London. Online) 
245 1 0 |a OpenDemocracy  |h [electronic resource]. 
260 |a London :  |b OpenDemocracy 
310 |a Daily 
506 |a License restrictions may limit access. 
588 |a Description based on: January 1, 2012; title from title screen (ProQuest, viewed Dec. 28, 2013). 
588 |a Latest issue consulted: December 27, 2013 (viewed Dec. 28, 2013). 
651 0 |a England  |v Newspapers. 
655 0 |a Electronic journals. 
856 4 0 |z Full text available from Research Library: 01/01/2012 to present  |u https://search.proquest.com/publication/1006375